| Tag |
First Indicator |
Second Indicator |
Subfields |
| LEADER |
00000cam a2200000M 4500 |
| 001 |
in00004635682 |
| 006 |
m o d |
| 007 |
cr ||||||||||| |
| 008 |
211208s2021 xx o ||| 0 eng d |
| 005 |
20230103223524.1 |
| 035 |
|
|
|a (OCoLC)on1287920779
|
| 040 |
|
|
|a YDX
|b eng
|c YDX
|d JSTOR
|d OCLCF
|d OCLCO
|d UKKNU
|d OCLCO
|
| 019 |
|
|
|a 1287616544
|a 1287676498
|a 1287893628
|
| 020 |
|
|
|a 9048550963
|q (electronic bk.)
|
| 020 |
|
|
|a 9789048550968
|q (electronic bk.)
|
| 035 |
|
|
|a (OCoLC)1287920779
|z (OCoLC)1287616544
|z (OCoLC)1287676498
|z (OCoLC)1287893628
|
| 037 |
|
|
|a 22573/ctv25tp3q1
|b JSTOR
|
| 050 |
|
4 |
|a PN1995.9.E18
|
| 082 |
0 |
4 |
|a 791.43
|2 23
|
| 049 |
|
|
|a TXAM
|
| 100 |
1 |
|
|a TIAGO LUCA.
|
| 245 |
1 |
0 |
|a Planetary cinemafilm, media and the Earth.
|
| 250 |
|
|
|a 1ST ED.
|
| 260 |
|
|
|a [S.l.] :
|b AMSTERDAM UNIVERSITY PRE,
|c 2021.
|
| 300 |
|
|
|a 1 online resource
|
| 336 |
|
|
|a text
|b txt
|2 rdacontent
|
| 337 |
|
|
|a computer
|b c
|2 rdamedia
|
| 338 |
|
|
|a online resource
|b cr
|2 rdacarrier
|
| 520 |
8 |
|
|a The story is now familiar. In the late 1960s humanity finally saw photographic evidence of the Earth in space for the first time. According to this narrative, the impact of such images in the consolidation of a planetary consciousness is yet to be matched. This book tells a different story. It argues that this narrative has failed to account for the vertiginous global imagination underpinning the media and film culture of the late nineteenth century and beyond. Panoramas, giant globes, world exhibitions, photography and stereography: all promoted and hinged on the idea of a world made whole and newly visible. When it emerged, cinema did not simply contribute to this effervescent globalism so much as become its most significant and enduring manifestation. 'Planetary Cinema' proposes that an exploration of that media culture can help us understand contemporary planetary imaginaries in times of environmental collapse. Engaging with a variety of media, genres and texts, the book sits at the intersection of film/media history and theory/philosophy, and it claims that we need this combined approach and expansive textual focus in order to understand the way we see the world.
|
| 651 |
|
0 |
|a Earth (Planet)
|x In motion pictures.
|
| 651 |
|
0 |
|a Earth (Planet)
|x In art.
|
| 651 |
|
6 |
|a Terre
|x Au cinéma.
|
| 651 |
|
6 |
|a Terre
|x Dans l'art.
|
| 650 |
|
7 |
|a Science / Earth Sciences.
|2 bisacsh
|
| 650 |
|
7 |
|a Art / Film & Video.
|2 bisacsh
|
| 650 |
|
7 |
|a Social Science / Media Studies.
|2 bisacsh
|
| 651 |
|
7 |
|a Earth (Planet)
|2 fast
|0 (OCoLC)fst01860481
|
| 655 |
|
7 |
|a Electronic books.
|2 local
|
| 655 |
|
7 |
|a Art.
|2 fast
|0 (OCoLC)fst01423702
|
| 710 |
2 |
|
|a JSTOR (Organization)
|
| 856 |
4 |
0 |
|u https://www.jstor.org/stable/10.2307/j.ctv25wxbjs
|z Connect to the full text of this electronic book
|t 0
|
| 955 |
|
|
|a JSTOR Open Access ebooks
|
| 994 |
|
|
|a 92
|b TXA
|
| 999 |
f |
f |
|s 955e7074-ec5a-4e99-a2a3-bb474c7c9ec6
|i a2d0c425-2b69-4557-ae6b-67cef8e957ab
|t 0
|
| 952 |
f |
f |
|a Texas A&M University
|b College Station
|c Electronic Resources
|d Available Online
|t 0
|e PN1995.9.E18
|h Library of Congress classification
|
| 998 |
f |
f |
|a PN1995.9.E18
|t 0
|l Available Online
|